• 首页
  • 本馆介绍
  • 公告通知
  • 最新文献
  • 馆藏检索
  • 电子资源
  • 读者导购
  • 参考咨询
  • 我的图书馆
  • 登录
  • 详细信息显示
  • 放入我的书架
  • 预约/预借图书
  • 作者相关作品
  • 分类相关作品
  • 丛书相关作品
  • 出版社相关作品

书目信息

  • 表格格式
  • 工作单格式
  • 卡片格式
题名:
蒋介石家世
    
 
作者: 齐鹏飞 编著
分册:  
出版信息: 北京   团结  1994
页数: 418页
开本: 20cm
丛书名:
单 册:
中图分类: K820.97 , K827=6
科图分类:
主题词: 家族-蒋介石 , 人物--传记--中国
电子资源:
ISBN: 7-80061-571-5
000 00772nam0 2200277 45
001 0195006502
005 20051109103442.87
010    @a7-80061-571-5@dCNY14.00
100    @a19950129d1994 emky0chiy0121 ea
101 0  @achi
102    @aCN@b110000
105    @af z 000zc
106    @ar
200 10 @a蒋介石家世@AJIANG JIE SHI JIA SHI@f齐鹏飞编著@FQI PENG FEI BIAN ZHU
210    @a北京@c团结@d1994
215    @a418页@c照片@d20cm
330    @a本书记述了蒋氏家族成员的不同经历及家族的兴衰史。
540 1  @a家世@AJIA SHI
600  0 @a蒋介石-家族
606    @a家族-蒋介石
606 0  @a人物@x传记@x中国
690    @aK820.97@v3
690    @aK827=6@v4
701  0 @a齐鹏飞@AQI PENG FEI@4编著
801  0 @aCN@bNLC@c20051109
905    @f1@b263117@dK827=6@e263QP
    
    蒋介石家世/齐鹏飞编著.-北京:团结,1994
    418页:照片;20cm
    
    
    ISBN 7-80061-571-5:CNY14.00
    本书记述了蒋氏家族成员的不同经历及家族的兴衰史。
●
相关链接 在E读中查询图书 在五车中查询图书 在当当中查询图书 在豆瓣中查询图书


正题名:蒋介石家世     索取号:K827=6/263QP         预约/预借

序号 登录号 条形码 馆藏地/架位号 状态 备注
1 0263115   000272109   第二样本阅览室/ [索取号:K827=6/263QP] 在馆    
2 0263117   001886882   密集书库/ [索取号:K827=6/263QP] 在馆    
唐山师范学院图书馆 欢迎您!
大连网信软件有限公司© 版权所有